00526nam a2200085Ia 4500008004100000245004200041300027500083650001300358856006900371170517s9999 xx 000 0 und d aRichard Dawkins: The Blind Watchmaker aOne of the earliest efforts from Richard Dawkins in his identification and attack on the rise of creationism with the rising star of the US fundamentalist Christian demographic. In the important documentary, Dawkins shows ways to easily refute some of the more common... xScience. uhttp://topdocumentaryfilms.com/richard-dawkins-blind-watchmaker/